Névmagyarositás

Správa o tom že riaditeľ podniku "Michalovský parný mlyn a elektráreň, účastinná spoločnosť" (A Nagymihályi Gózmalom és Villanytelep részvénytárssaság) Ľudovít Lajos si pomaďarčil meno na "Lorand".

Podrobná bibliografia
Médium: Článok
Jazyk:Hungarian
Témy:
Zdroj: 1. Felvidéki Hirlap 1. Roč. 7, č. 18 (10.05.1914) s. 2
LEADER 01056nab#a2200313#ar4500
001 000074496
003 SVKKK
005 20041220xxxxxxx.
008 06 c xo huno
FMT
038 |a SVKKK 
040 |a SVKKK  |b slo  |e AACR2 
041 0 |a hun 
044 |a xo  |c SK 
080 |a 323.1:177 
242 1 0 |a Pomaďarčenie mena 
245 0 0 |a Névmagyarositás 
500 |a mikrofilm 
520 2 |a Správa o tom že riaditeľ podniku "Michalovský parný mlyn a elektráreň, účastinná spoločnosť" (A Nagymihályi Gózmalom és Villanytelep részvénytárssaság) Ľudovít Lajos si pomaďarčil meno na "Lorand". 
650 0 4 |a Landesman, Ľudovít pozri Lorand,Ľudovít 
650 0 4 |a maďarizácia mena - Landesmann, Ľudovít (riaditeľ podnikový) - Michalovce - Lorand (meno získané) - Michalovce - rok 1914 - správy 
773 0 |t Felvidéki Hirlap  |g Roč. 7, č. 18 (10.05.1914) s. 2 
957 |a Michalovce 
958 |a DG 
958 |a SK 
974 |a Ba  |d 20041220 
992 |a RBX 
BAS
998 |a RETRO